[Event "First Saturday FM-A May 2014"]
[Site "Budapest"]
[Date "2014.05.03"]
[Round "1.1"]
[White "Velieva, Hurma"]
[Black "Darazs, Zoltan"]
[Result "1-0"]
[WhiteElo "2031"]
[BlackElo "2122"]
[PlyCount "89"]
[EventDate "2014.05.03"]

1. e4 c5 2. Nf3 Nc6 3. d4 cxd4 4. Nxd4 Nf6 5. Nc3 e5 6. Ndb5 d6 7. Bg5 a6 8.
Na3 b5 9. Nd5 Be7 10. Bxf6 Bxf6 11. c3 Ne7 12. Nxf6+ gxf6 13. Nc2 Bb7 14. Bd3
d5 15. exd5 Nxd5 16. Be4 f5 17. Bxd5 Qxd5 18. Qxd5 Bxd5 19. O-O Rg8 20. Ne3 Be6
21. Rfd1 Rd8 22. Rxd8+ Kxd8 23. Rd1+ Kc8 24. Nd5 Rd8 25. Ne7+ Kc7 26. Rxd8 Kxd8
27. Nc6+ Kc7 28. Nxe5 Bxa2 29. f3 Kd6 30. Nd3 Bc4 31. Nf4 Ke5 32. g3 a5 33. Kf2
Kd6 34. Ke3 Kc5 35. Nh5 b4 36. cxb4+ Kxb4 37. Kd2 Kb3 38. Kc1 Be2 39. Nf6 Bxf3
40. Nxh7 Kc4 41. Nf6 Kd4 42. Kd2 Bg4 43. h4 a4 44. h5 Ke5 45. Nd7+ 1-0

[Event "First Saturday FM-A May 2014"]
[Site "Budapest"]
[Date "2014.05.03"]
[Round "1.2"]
[White "Kis, Bela"]
[Black "Wang, Zixu"]
[Result "0-1"]
[WhiteElo "2046"]
[BlackElo "2043"]
[PlyCount "112"]
[EventDate "2014.05.03"]

1. e4 c5 2. d4 cxd4 3. c3 dxc3 4. Nxc3 d6 5. Nf3 Nc6 6. Bc4 e6 7. O-O Nf6 8. e5
dxe5 9. Qxd8+ Kxd8 10. Ng5 Ke7 11. b3 a6 12. Rd1 b5 13. Be2 Nd4 14. Be3 Nxe2+
15. Nxe2 Nd5 16. Rac1 f6 17. Ne4 Kf7 18. N2c3 Nxe3 19. fxe3 Ba3 20. Rc2 Kg6 21.
Nb1 Be7 22. Rc6 Bb7 23. Rc7 Bxe4 24. Rxe7 Rhe8 25. Red7 Rac8 26. Nd2 Bd5 27.
Ra7 Ra8 28. Rc7 Red8 29. Nf1 Be4 30. Rdc1 Rab8 31. Ra7 Rdc8 32. Rxc8 Rxc8 33.
Nd2 Rc1+ 34. Kf2 Rc2 35. Ke1 Bxg2 36. Rxa6 Rc6 37. Ra7 Rc8 38. Ra5 Bc6 39. Ra6
h5 40. b4 Bd5 41. Ra5 Rc3 42. Ke2 Rc2 43. Kd3 Rxa2 44. Rxb5 f5 45. Rb8 e4+ 46.
Ke2 e5 47. h4 f4 48. Rf8 f3+ 49. Ke1 Ra1+ 50. Kf2 Rd1 51. Nf1 Rb1 52. Rd8 Rb2+
53. Kg1 Bc4 54. Nd2 Bd3 55. Nxf3 Rb1+ 56. Kh2 exf3 0-1

[Event "First Saturday FM-A May 2014"]
[Site "Budapest"]
[Date "2014.05.03"]
[Round "1.3"]
[White "Bohman, Leif"]
[Black "Green, Per"]
[Result "0-1"]
[WhiteElo "1879"]
[BlackElo "1995"]
[PlyCount "54"]
[EventDate "2014.05.03"]

1. d4 c5 2. Nf3 cxd4 3. Nxd4 g6 4. c4 Bg7 5. e3 Nc6 6. Nc3 Nf6 7. Be2 O-O 8.
O-O d6 9. a3 a5 10. Bf3 Ne5 11. Be2 Bd7 12. Qb3 b6 13. Bd2 Rb8 14. Rac1 Re8 15.
Nf3 Nxf3+ 16. Bxf3 Qc7 17. Rfd1 Qc5 18. e4 Ng4 19. Bxg4 Bxg4 20. Be3 Bxd1 21.
Rxd1 Qc6 22. Nd5 b5 23. Rc1 Qd7 24. c5 dxc5 25. Rxc5 a4 26. Qc2 e6 27. Rc7 Qd8
0-1

[Event "First Saturday FM-A May 2014"]
[Site "Budapest"]
[Date "2014.05.03"]
[Round "1.4"]
[White "Steer, Jozsef"]
[Black "Bartha, Sandor"]
[Result "0-1"]
[WhiteElo "1913"]
[BlackElo "2067"]
[PlyCount "54"]
[EventDate "2014.05.03"]

1. e4 c5 2. Nf3 d6 3. d4 cxd4 4. Nxd4 Nf6 5. Nc3 a6 6. Bc4 e6 7. Bb3 Be7 8. Be3
b5 9. a3 Bb7 10. f3 Qd7 11. O-O O-O 12. Qd2 Nc6 13. Nxc6 Qxc6 14. Rad1 Rfd8 15.
Qf2 Nd7 16. Ne2 Nc5 17. Nd4 Qe8 18. Ba2 Rac8 19. c3 Bf6 20. Rd2 d5 21. exd5
Bxd5 22. Bxd5 Rxd5 23. Rfd1 Rcd8 24. Qe2 Na4 25. Nb3 Bxc3 26. Rxd5 exd5 27. Qf2
Nxb2 0-1

[Event "First Saturday FM-A May 2014"]
[Site "Budapest"]
[Date "2014.05.03"]
[Round "1.5"]
[White "Keszi, Janos"]
[Black "Amangeldiyev, Gurbangeldi"]
[Result "0-1"]
[WhiteElo "2092"]
[BlackElo "2090"]
[PlyCount "70"]
[EventDate "2014.05.03"]

1. d4 g6 2. c4 Bg7 3. Nc3 d6 4. e4 Nc6 5. Be3 Nf6 6. Be2 O-O 7. h3 e5 8. d5 Ne7
9. Nf3 Nd7 10. O-O h6 11. Nd2 f5 12. f3 f4 13. Bf2 g5 14. b4 Nf6 15. c5 h5 16.
Nc4 g4 17. hxg4 hxg4 18. cxd6 cxd6 19. fxg4 Ng6 20. Bf3 Qc7 21. Qd3 Bd7 22.
Rfc1 Rac8 23. Nd2 b6 24. Nb3 Nxg4 25. Nb5 Nxf2 26. Kxf2 Qb8 27. Rxc8 Rxc8 28.
Rc1 Rxc1 29. Nxc1 Bf6 30. Qc4 Bd8 31. a4 a6 32. Nc3 b5 33. axb5 axb5 34. Qe2
Qb6+ 35. Kf1 Qd4 0-1

[Event "First Saturday FM-A May 2014"]
[Site "Budapest"]
[Date "2014.05.03"]
[Round "1.6"]
[White "Lukacs, Albert"]
[Black "Furedi, Erik"]
[Result "1/2-1/2"]
[WhiteElo "1910"]
[BlackElo "2020"]
[PlyCount "59"]
[EventDate "2014.05.03"]

1. e4 e5 2. Nf3 Nc6 3. Nc3 Nf6 4. Bb5 d6 5. d3 Bg4 6. Be3 Be7 7. Qd2 a6 8. Ba4
Qd7 9. Nd5 Be6 10. c4 O-O 11. h3 Rfb8 12. Nc3 Qc8 13. Ng5 Nd8 14. f4 exf4 15.
Bxf4 Nh5 16. O-O c6 17. Be3 b5 18. Nxe6 Nxe6 19. cxb5 axb5 20. Bb3 Nf6 21. Qf2
Qd7 22. Ne2 Rf8 23. Ng3 Kh8 24. Nf5 Rg8 25. Rac1 Rac8 26. Qh4 Bd8 27. Qg3 Be7
28. Rc2 Nh5 29. Qf3 Nf6 30. a4 1/2-1/2

[Event "First Saturday FM-A May 2014"]
[Site "Budapest"]
[Date "2014.05.04"]
[Round "2.1"]
[White "Darazs, Zoltan"]
[Black "Furedi, Erik"]
[Result "0-1"]
[WhiteElo "2122"]
[BlackElo "2020"]
[PlyCount "132"]
[EventDate "2014.05.03"]

1. e4 e5 2. Nf3 Nc6 3. Bb5 g6 4. O-O Bg7 5. Re1 Nge7 6. c3 O-O 7. d4 exd4 8.
cxd4 d6 9. h3 Bd7 10. Nc3 h6 11. a3 a6 12. Bc4 Kh7 13. e5 Nf5 14. Bf4 dxe5 15.
dxe5 Be6 16. Bd5 Qd7 17. g4 Rad8 18. gxf5 Bxd5 19. Qxd5 Qxd5 20. Nxd5 Rxd5 21.
f6 Bxf6 22. exf6 Rf5 23. Re4 g5 24. Nxg5+ hxg5 25. Bxc7 Rxf6 26. Rd1 Kg6 27. h4
Rf5 28. Kf1 Rh8 29. Bg3 Rb5 30. b4 f5 31. Rd6+ Kh5 32. a4 Rxb4 33. Rxb4 Nxb4
34. hxg5 Kxg5 35. f4+ Kg4 36. Kg2 Nc2 37. Rg6+ Kh5 38. Rg5+ Kh6 39. Bf2 Rf8 40.
Kf3 Rf7 41. Rg8 Rd7 42. a5 Nd4+ 43. Bxd4 Rxd4 44. Rb8 Rb4 45. Kg3 Kg6 46. Rd8
Kf7 47. Rd3 Rb5 48. Ra3 Ke6 49. Kh4 Rb1 50. Re3+ Kf6 51. Ra3 Rb4 52. Kg3 Ke6
53. Rd3 Rb5 54. Ra3 Kd6 55. Kh4 Kc5 56. Kg5 Kb4 57. Ra1 Kb3 58. Kf6 Kc2 59. Kg5
Kd2 60. Ra2+ Kc3 61. Ra3+ Kb4 62. Ra1 Rxa5 63. Rb1+ Kc4 64. Rxb7 Rb5 65. Rxb5
axb5 66. Kxf5 b4 0-1

[Event "First Saturday FM-A May 2014"]
[Site "Budapest"]
[Date "2014.05.04"]
[Round "2.2"]
[White "Amangeldiyev, Gurbangeldi"]
[Black "Lukacs, Albert"]
[Result "0-1"]
[WhiteElo "2090"]
[BlackElo "1910"]
[PlyCount "71"]
[EventDate "2014.05.03"]

1. d4 f5 2. c4 Nf6 3. Nc3 e6 4. Nf3 Bb4 5. Bg5 O-O 6. Qc2 b6 7. Ne5 Bb7 8. f3
Nc6 9. e3 Bd6 10. Nxc6 Bxc6 11. O-O-O Qe8 12. Kb1 Be7 13. d5 Bb7 14. Nb5 Bd8
15. e4 fxe4 16. Bxf6 Rxf6 17. fxe4 a6 18. Nd4 e5 19. Nf5 d6 20. Bd3 Rf8 21.
Rdf1 Bf6 22. h4 Bc8 23. g4 g6 24. Nh6+ Kh8 25. Qd2 Bg7 26. h5 Bd7 27. Qg5 Rf4
28. Rxf4 exf4 29. Qxf4 gxh5 30. Rxh5 Qg6 31. Nf5 Be5 32. Qf3 Rg8 33. g5 Be8 34.
Rh1 Qxg5 35. Nh6 Qg2 36. Rf1 0-1

[Event "First Saturday FM-A May 2014"]
[Site "Budapest"]
[Date "2014.05.04"]
[Round "2.3"]
[White "Bartha, Sandor"]
[Black "Keszi, Janos"]
[Result "1-0"]
[WhiteElo "2067"]
[BlackElo "2092"]
[PlyCount "101"]
[EventDate "2014.05.03"]

1. d4 Nf6 2. Nc3 d5 3. Bg5 Bf5 4. e3 Nbd7 5. Bd3 Bg6 6. h4 Bxd3 7. Qxd3 h6 8.
Bxf6 exf6 9. Nxd5 Bd6 10. Qe4+ Kf8 11. Nc3 c6 12. Qg4 h5 13. Qe2 Qb6 14. O-O-O
g6 15. Qc4 Kg7 16. Nge2 Rhe8 17. Qb3 Qc7 18. a4 f5 19. g3 a6 20. Nf4 b5 21. Qa2
Rab8 22. b3 Qa5 23. Nfe2 Nf6 24. axb5 Ba3+ 25. Kb1 axb5 26. b4 Qxb4+ 27. Qb3
Qe7 28. d5 cxd5 29. Nxd5 Nxd5 30. Rxd5 b4 31. Rhd1 Red8 32. Nd4 Rxd5 33. Qxd5
Re8 34. Nc6 Qe6 35. Qxe6 Rxe6 36. Nd4 Re7 37. Ka2 Rc7 38. Rd3 Rc5 39. Kb3 Kf6
40. Ne2 Ra5 41. Nf4 Rc5 42. Ne2 Ra5 43. f4 Ra7 44. Nd4 Ra5 45. Nc6 Rc5 46. Ne5
Ke6 47. Nc4 Ke7 48. c3 Rb5 49. Nxa3 bxa3+ 50. Kxa3 Rb1 51. c4 1-0

[Event "First Saturday FM-A May 2014"]
[Site "Budapest"]
[Date "2014.05.04"]
[Round "2.4"]
[White "Green, Per"]
[Black "Steer, Jozsef"]
[Result "1/2-1/2"]
[WhiteElo "1995"]
[BlackElo "1913"]
[PlyCount "66"]
[EventDate "2014.05.03"]

1. Nf3 Nf6 2. c4 c6 3. d4 d5 4. e3 e6 5. b3 Bb4+ 6. Bd2 a5 7. Bd3 dxc4 8. bxc4
O-O 9. Qb3 Na6 10. a3 Bxd2+ 11. Nbxd2 c5 12. O-O b6 13. Qc2 Bb7 14. Ne4 Bxe4
15. Bxe4 Nxe4 16. Qxe4 cxd4 17. exd4 Re8 18. Rfd1 Ra7 19. Rab1 Qd6 20. Ng5 f5
21. Qe3 Rae7 22. Nf3 Rc8 23. Ne5 Nc7 24. Qf3 Ne8 25. Qb3 Nf6 26. f3 Nd7 27.
Nxd7 Rxd7 28. Rbc1 Rc6 29. Qd3 g6 30. Qe3 Qe7 31. Rd3 Rcd6 32. c5 bxc5 33. Rxc5
Rd5 1/2-1/2

[Event "First Saturday FM-A May 2014"]
[Site "Budapest"]
[Date "2014.05.04"]
[Round "2.5"]
[White "Wang, Zixu"]
[Black "Bohman, Leif"]
[Result "1-0"]
[WhiteElo "2043"]
[BlackElo "1879"]
[PlyCount "79"]
[EventDate "2014.05.03"]

1. e4 e6 2. d4 d5 3. Nd2 Nf6 4. e5 Nfd7 5. f4 c5 6. c3 Nc6 7. Ndf3 Qb6 8. Ne2
g6 9. g3 a6 10. Bh3 cxd4 11. cxd4 Bg7 12. O-O O-O 13. Kh1 Re8 14. b3 f6 15. Ba3
Nb4 16. Qd2 a5 17. Nc3 Bf8 18. Rae1 Qa6 19. Re2 f5 20. g4 b5 21. gxf5 exf5 22.
Rg1 Kh8 23. Reg2 Bh6 24. Ng5 Bxg5 25. Rxg5 Nb6 26. Bf1 Bd7 27. Qe2 Re6 28. h4
Rc8 29. Bb2 Be8 30. h5 Qb7 31. a3 Na6 32. hxg6 Bxg6 33. Nxb5 Nc4 34. a4 Nxb2
35. Qxb2 Nb4 36. Qh2 Rc2 37. Qh6 Qg7 38. Qxg7+ Kxg7 39. Nd6 Rxd6 40. exd6 1-0

[Event "First Saturday FM-A May 2014"]
[Site "Budapest"]
[Date "2014.05.04"]
[Round "2.6"]
[White "Velieva, Hurma"]
[Black "Kis, Bela"]
[Result "1/2-1/2"]
[WhiteElo "2031"]
[BlackElo "2046"]
[PlyCount "94"]
[EventDate "2014.05.03"]

1. e4 e5 2. Nf3 Nc6 3. Bb5 a6 4. Ba4 Nf6 5. O-O Nxe4 6. d4 b5 7. Bb3 d5 8. Nxe5
Nxe5 9. dxe5 c6 10. c3 Bc5 11. Nd2 Nxd2 12. Bxd2 Bf5 13. Qf3 Bg6 14. Qg3 O-O
15. Bg5 Qd7 16. Kh1 h6 17. Bh4 Kh7 18. f4 Be4 19. Bd1 f5 20. Bh5 Qe6 21. Rad1
g6 22. Bf3 Ra7 23. Qh3 Qf7 24. Bg5 h5 25. Qh4 Be7 26. Bxe7 Qxe7 27. Qf2 Rb7 28.
h3 Kh8 29. Kh2 Rf7 30. Rh1 Rh7 31. g3 Kg8 32. Kg2 g5 33. Bxe4 fxe4 34. Rdf1
gxf4 35. gxf4 Qe6 36. Kh2 Rhg7 37. Qh4 Qf5 38. Rhg1 Kh7 39. Rxg7+ Rxg7 40. Rg1
Rxg1 41. Kxg1 e3 42. Qe7+ Kh6 43. Qd6+ Kg7 44. Qe7+ Kg6 45. Qd6+ Kg7 46. Qe7+
Kg6 47. Qd6+ Kg7 1/2-1/2

[Event "First Saturday FM-A May 2014"]
[Site "Budapest"]
[Date "2014.05.05"]
[Round "3.1"]
[White "Kis, Bela"]
[Black "Darazs, Zoltan"]
[Result "1/2-1/2"]
[WhiteElo "2046"]
[BlackElo "2122"]
[PlyCount "21"]
[EventDate "2014.05.03"]

1. e4 Nf6 2. Nc3 d5 3. exd5 Nxd5 4. Nxd5 Qxd5 5. d4 e5 6. Nf3 exd4 7. Qxd4 Qxd4
8. Nxd4 Bb4+ 9. c3 Ba5 10. Bf4 O-O 11. Bd3 1/2-1/2

[Event "First Saturday FM-A May 2014"]
[Site "Budapest"]
[Date "2014.05.05"]
[Round "3.2"]
[White "Bohman, Leif"]
[Black "Velieva, Hurma"]
[Result "0-1"]
[WhiteElo "1879"]
[BlackElo "2031"]
[PlyCount "72"]
[EventDate "2014.05.03"]

1. d4 Nf6 2. Nf3 g6 3. Bf4 Bg7 4. e3 d6 5. h3 O-O 6. Be2 Nbd7 7. c3 c6 8. Nbd2
Qc7 9. Bh2 e5 10. dxe5 dxe5 11. O-O Re8 12. Qc2 Nc5 13. e4 Nh5 14. b4 Ne6 15.
Rfd1 Nef4 16. Bf1 Qe7 17. Nc4 Rf8 18. g4 b5 19. Nd6 Nf6 20. a4 Rd8 21. Nxc8
Raxc8 22. Rxd8+ Rxd8 23. axb5 cxb5 24. Ra5 Rb8 25. Ne1 Ne8 26. Nd3 g5 27. Nc5
Nd6 28. Bxf4 exf4 29. f3 Nc4 30. Bxc4 bxc4 31. Qe2 Bxc3 32. Qxc4 Bxb4 33. Na6
Bxa5 34. Nxb8 Qb7 35. Nc6 Qb1+ 36. Qf1 Qb6+ 0-1

[Event "First Saturday FM-A May 2014"]
[Site "Budapest"]
[Date "2014.05.05"]
[Round "3.3"]
[White "Steer, Jozsef"]
[Black "Wang, Zixu"]
[Result "0-1"]
[WhiteElo "1913"]
[BlackElo "2043"]
[PlyCount "80"]
[EventDate "2014.05.03"]

1. e4 c5 2. Nf3 d6 3. d4 cxd4 4. Nxd4 Nf6 5. Nc3 a6 6. Bc4 e6 7. Bb3 Be7 8. O-O
O-O 9. a4 Nbd7 10. Be3 Nc5 11. f3 e5 12. Nde2 Nxb3 13. cxb3 Be6 14. b4 d5 15.
exd5 Nxd5 16. Nxd5 Bxd5 17. Nc3 Bc4 18. Qxd8 Rfxd8 19. Rfd1 Bxb4 20. Bb6 Re8
21. Rd7 Rab8 22. Rad1 Be6 23. Rc7 Rec8 24. Nd5 Rd8 25. Rxb7 Rxb7 26. Bxd8 Bc5+
27. Kf1 Rxb2 28. Bh4 Bd4 29. Rc1 g5 30. Ne7+ Kf8 31. Bxg5 Rf2+ 32. Ke1 Rxg2 33.
h4 Rxg5 34. hxg5 Kxe7 35. Rc6 a5 36. Ke2 Kd7 37. Rc1 Bb3 38. Rh1 Bxa4 39. Rxh7
Ke6 40. Kd2 Bb3 0-1

[Event "First Saturday FM-A May 2014"]
[Site "Budapest"]
[Date "2014.05.05"]
[Round "3.5"]
[White "Lukacs, Albert"]
[Black "Bartha, Sandor"]
[Result "1/2-1/2"]
[WhiteElo "1910"]
[BlackElo "2067"]
[PlyCount "75"]
[EventDate "2014.05.03"]

1. e4 c5 2. Nf3 d6 3. Nc3 e6 4. g3 Nc6 5. Bg2 Be7 6. O-O Bf6 7. d3 g5 8. Be3 g4
9. Nd2 h5 10. Nc4 Bxc3 11. bxc3 e5 12. Rb1 b6 13. f4 gxf3 14. Qxf3 Be6 15. Bh3
Bxc4 16. dxc4 Qe7 17. Bg5 f6 18. Bxf6 Nxf6 19. Qxf6 Qxf6 20. Rxf6 Ne7 21. Rd1
Rd8 22. Rdxd6 Rxd6 23. Rxd6 h4 24. Kg2 hxg3 25. hxg3 Kf7 26. Be6+ Kg7 27. Bd5
Rb8 28. Rd7 Kf6 29. Kf3 a6 30. g4 Ng6 31. Rf7+ Kg5 32. Kg3 Rf8 33. Rh7 Rh8 34.
Rg7 Kh6 35. Rb7 Kg5 36. Rg7 Kh6 37. Rf7 Rf8 38. Rf5 1/2-1/2

[Event "First Saturday FM-A May 2014"]
[Site "Budapest"]
[Date "2014.05.05"]
[Round "3.6"]
[White "Furedi, Erik"]
[Black "Amangeldiyev, Gurbangeldi"]
[Result "1-0"]
[WhiteElo "2020"]
[BlackElo "2090"]
[PlyCount "113"]
[EventDate "2014.05.03"]

1. e4 g6 2. d4 Bg7 3. c4 d6 4. Nc3 Nf6 5. f4 O-O 6. Nf3 Bg4 7. Be2 Nbd7 8. O-O
c6 9. Be3 Qc7 10. Qc2 e5 11. c5 Bxf3 12. Bxf3 exd4 13. cxd6 Qxd6 14. Rad1 c5
15. e5 Qe7 16. Bf2 dxc3 17. exf6 Nxf6 18. Qxc3 Rac8 19. Bh4 Qe6 20. Qe5 Rcd8
21. Qxc5 Rxd1 22. Rxd1 Qxa2 23. b4 b6 24. Qe7 Qe6 25. Qxa7 Qe3+ 26. Bf2 Qxf4
27. Qxb6 Ng4 28. Bg3 Qc4 29. Qc5 Qxc5+ 30. bxc5 Ne5 31. Bb7 f5 32. c6 Nxc6 33.
Bxc6 h6 34. Bc7 Bf6 35. Rd7 g5 36. g3 h5 37. Bd5+ Kh8 38. Be6 Bg7 39. h4 gxh4
40. gxh4 Bf6 41. Bf7 Kg7 42. Be8+ Kg8 43. Bxh5 Bxh4 44. Bf3 Bf6 45. Bd5+ Kh8
46. Kf2 Bg7 47. Kf3 Bb2 48. Kg3 Bg7 49. Kh4 f4 50. Kg4 Bf6 51. Kh5 Bb2 52. Bf7
f3 53. Kg6 Ra8 54. Rd5 Ra6+ 55. Bd6 Be5 56. Rxe5 Rxd6+ 57. Be6 1-0

[Event "First Saturday FM-A May 2014"]
[Site "Budapest"]
[Date "2014.05.06"]
[Round "4.1"]
[White "Darazs, Zoltan"]
[Black "Amangeldiyev, Gurbangeldi"]
[Result "1/2-1/2"]
[WhiteElo "2122"]
[BlackElo "2090"]
[PlyCount "21"]
[EventDate "2014.05.03"]

1. e4 e6 2. d4 d5 3. Nc3 Nf6 4. e5 Nfd7 5. f4 c5 6. Nf3 Nc6 7. Be3 a6 8. Qd2 b5
9. dxc5 Bxc5 10. Bxc5 Nxc5 11. b4 1/2-1/2

[Event "First Saturday FM-A May 2014"]
[Site "Budapest"]
[Date "2014.05.06"]
[Round "4.2"]
[White "Bartha, Sandor"]
[Black "Furedi, Erik"]
[Result "0-1"]
[WhiteElo "2067"]
[BlackElo "2020"]
[PlyCount "78"]
[EventDate "2014.05.03"]

1. d4 d5 2. Nf3 Nf6 3. e3 e6 4. c4 Be7 5. Nc3 O-O 6. Qc2 b6 7. cxd5 exd5 8. Be2
Bb7 9. O-O Nbd7 10. Bd3 Re8 11. Ne5 Bd6 12. f4 c5 13. Qe2 a6 14. g4 Ne4 15.
Bxe4 dxe4 16. Rd1 Bxe5 17. dxe5 Qc7 18. b3 b5 19. Bb2 Nb6 20. Qc2 Rad8 21. Rxd8
Rxd8 22. Rd1 Rd7 23. Kf2 Qd8 24. Rxd7 Qh4+ 25. Kf1 Nxd7 26. Qg2 Qh6 27. Ne2 Nb6
28. Ng3 Nd5 29. Nf5 Qg6 30. Kf2 Kh8 31. Nd6 Nxf4 32. Qg3 Nd3+ 33. Ke2 Bd5 34.
Ba1 Be6 35. h3 h6 36. Kd2 Bd5 37. Nf5 Qb6 38. Kc2 Qa5 39. Kb1 Qa3 0-1

[Event "First Saturday FM-A May 2014"]
[Site "Budapest"]
[Date "2014.05.06"]
[Round "4.3"]
[White "Green, Per"]
[Black "Lukacs, Albert"]
[Result "1/2-1/2"]
[WhiteElo "1995"]
[BlackElo "1910"]
[PlyCount "116"]
[EventDate "2014.05.03"]

1. Nf3 Nf6 2. c4 e6 3. g3 b6 4. Bg2 Bb7 5. O-O Be7 6. Nc3 O-O 7. Re1 Nc6 8. d4
Na5 9. b3 d5 10. cxd5 exd5 11. a3 c5 12. Bf4 Ne4 13. Na4 c4 14. bxc4 Nxc4 15.
Qb3 Rc8 16. Bh3 f5 17. Bg2 Bd6 18. Bxd6 Qxd6 19. Nb2 Nxb2 20. Qxb2 Rc7 21. Rac1
Rfc8 22. Ne5 Nc3 23. Bf3 Ba6 24. Kg2 g6 25. Qb4 Qxb4 26. axb4 Bb7 27. Ra1 a6
28. e3 g5 29. h3 Rf8 30. Rec1 f4 31. Ra3 Nb5 32. Rxc7 Nxc7 33. Nd7 Rd8 34. Nxb6
fxg3 35. Kxg3 Rd6 36. Na4 Bc6 37. Nc5 Bb5 38. Ra1 Kg7 39. Bg4 Bc4 40. Na4 Kg6
41. Rc1 h5 42. Bd1 h4+ 43. Kg2 Ne6 44. Nb2 Bb5 45. Rc8 Rb6 46. Bc2+ Kf6 47. Rc3
Be8 48. Nd3 Ke7 49. Ra3 Bb5 50. Nc5 Nc7 51. Bd3 Bxd3 52. Nxd3 Rf6 53. Rc3 Kd7
54. Ne5+ Kc8 55. Rc6 Rxc6 56. Nxc6 Kb7 57. Ne5 Kb6 58. Nd3 Kb5 1/2-1/2

[Event "First Saturday FM-A May 2014"]
[Site "Budapest"]
[Date "2014.05.06"]
[Round "4.4"]
[White "Wang, Zixu"]
[Black "Keszi, Janos"]
[Result "1-0"]
[WhiteElo "2043"]
[BlackElo "2092"]
[PlyCount "31"]
[EventDate "2014.05.03"]

1. e4 c5 2. Nc3 d6 3. f4 g6 4. Nf3 Bg7 5. Bc4 e6 6. d3 Nc6 7. O-O Nge7 8. a3
O-O 9. Kh1 a6 10. Bb3 b5 11. Be3 Nd4 12. Rb1 b4 13. axb4 cxb4 14. Bxd4 Bxd4 15.
Nxd4 bxc3 16. bxc3 1-0

[Event "First Saturday FM-A May 2014"]
[Site "Budapest"]
[Date "2014.05.06"]
[Round "4.5"]
[White "Velieva, Hurma"]
[Black "Steer, Jozsef"]
[Result "1/2-1/2"]
[WhiteElo "2031"]
[BlackElo "1913"]
[PlyCount "78"]
[EventDate "2014.05.03"]

1. e4 c6 2. d4 d5 3. Nc3 dxe4 4. Nxe4 Bf5 5. Ng3 Bg6 6. Nf3 Nd7 7. h4 h6 8. h5
Bh7 9. Bd3 Bxd3 10. Qxd3 Qc7 11. Bd2 Ngf6 12. O-O-O O-O-O 13. Qa3 Kb8 14. Ba5
b6 15. Bd2 e6 16. Qa4 Kb7 17. Kb1 Bd6 18. Ne2 Rhe8 19. Qb3 Re7 20. c4 c5 21.
Nc3 cxd4 22. Nb5 Qb8 23. Nfxd4 Ne4 24. Qf3 f5 25. g4 Ne5 26. Qg2 Nxc4 27. gxf5
exf5 28. Nxf5 Ka6 29. Nbxd6 Ncxd2+ 30. Ka1 Re5 31. f4 Rxf5 32. Nxf5 Qxf4 33.
Nxg7 Rd5 34. Rhg1 Qe3 35. Rge1 Qd3 36. Rxe4 Nb3+ 37. axb3 Qxd1+ 38. Ka2 Ra5+
39. Ra4 Rxa4+ 1/2-1/2

[Event "First Saturday FM-A May 2014"]
[Site "Budapest"]
[Date "2014.05.06"]
[Round "4.6"]
[White "Kis, Bela"]
[Black "Bohman, Leif"]
[Result "0-1"]
[WhiteElo "2046"]
[BlackElo "1879"]
[PlyCount "122"]
[EventDate "2014.05.03"]

1. e4 e6 2. d4 d5 3. exd5 exd5 4. c4 c6 5. Nc3 a6 6. Nf3 Bb4 7. Bd3 Ne7 8. Qb3
Ba5 9. O-O O-O 10. Bg5 f6 11. Bf4 Kh8 12. Rfe1 dxc4 13. Bxc4 b5 14. Be6 Ng6 15.
Bg3 Bc7 16. Rad1 Bxg3 17. hxg3 Nd7 18. Ne4 Nb6 19. Rc1 Ne7 20. Nc5 Nbd5 21. Re2
Ra7 22. Rce1 Re8 23. Nd2 Nf5 24. Qd3 Nd6 25. Qf3 Rae7 26. Bxd5 Rxe2 27. Rxe2
Rxe2 28. Qxe2 cxd5 29. b3 Qe8 30. Qxe8+ Nxe8 31. Nf1 Nc7 32. Ne3 Kg8 33. Kf1
Kf7 34. Ke2 Ke7 35. Kd3 Kd6 36. g4 g6 37. f3 b4 38. Nc2 a5 39. a3 Na6 40. axb4
Nxb4+ 41. Nxb4 axb4 42. Ke3 Kc6 43. Nd3 Kb5 44. Nf4 Kc6 45. g5 fxg5 46. Nd3 Kb5
47. Ne5 Bf5 48. Kd2 h5 49. Nf7 g4 50. Nd6+ Kc6 51. Nxf5 gxf5 52. fxg4 fxg4 53.
Ke3 Kd6 54. Kf4 Ke6 55. Kg5 g3 56. Kf4 Kf6 57. Kxg3 Kg5 58. Kh3 Kf4 59. Kh4 Ke4
60. Kxh5 Kxd4 61. g4 Kc3 0-1

[Event "First Saturday FM-A May 2014"]
[Site "Budapest"]
[Date "2014.05.07"]
[Round "5.1"]
[White "Bohman, Leif"]
[Black "Darazs, Zoltan"]
[Result "1/2-1/2"]
[WhiteElo "1879"]
[BlackElo "2122"]
[PlyCount "34"]
[EventDate "2014.05.03"]

1. d4 Nf6 2. Nf3 g6 3. Bf4 Bg7 4. e3 O-O 5. h3 c5 6. c3 d5 7. Be2 Nc6 8. Nbd2
Qb6 9. Qb3 c4 10. Qxb6 axb6 11. O-O b5 12. a3 h6 13. Ne5 g5 14. Bh2 Nxe5 15.
Bxe5 Bf5 16. f3 e6 17. Rfe1 Rfe8 1/2-1/2

[Event "First Saturday FM-A May 2014"]
[Site "Budapest"]
[Date "2014.05.07"]
[Round "5.2"]
[White "Steer, Jozsef"]
[Black "Kis, Bela"]
[Result "0-1"]
[WhiteElo "1913"]
[BlackElo "2046"]
[PlyCount "42"]
[EventDate "2014.05.03"]

1. e4 e5 2. Bc4 Nc6 3. Nf3 Bc5 4. c3 d6 5. d4 exd4 6. cxd4 Bb6 7. h3 Nf6 8. Nc3
O-O 9. Bg5 h6 10. Bh4 g5 11. Bg3 Na5 12. Bd3 c5 13. Nb5 d5 14. e5 Ne4 15. O-O
Nc6 16. dxc5 Bxc5 17. Bxe4 dxe4 18. Qc2 Qb6 19. Nc3 exf3 20. Na4 Qb5 21. Nxc5
Nd4 0-1

[Event "First Saturday FM-A May 2014"]
[Site "Budapest"]
[Date "2014.05.07"]
[Round "5.4"]
[White "Lukacs, Albert"]
[Black "Wang, Zixu"]
[Result "1/2-1/2"]
[WhiteElo "1910"]
[BlackElo "2043"]
[PlyCount "51"]
[EventDate "2014.05.03"]

1. e4 c5 2. Nf3 d6 3. d4 cxd4 4. Nxd4 Nf6 5. Nc3 a6 6. a4 e5 7. Nf3 Nc6 8. Bg5
Be7 9. Qd2 h6 10. Bxf6 Bxf6 11. Nd5 Bg4 12. Be2 O-O 13. c3 Na5 14. Rd1 Bxf3 15.
Nxf6+ Qxf6 16. gxf3 Rfd8 17. Qd5 Nc6 18. Rg1 Rab8 19. Rg3 Ne7 20. Qa5 Qe6 21.
Qc7 d5 22. c4 d4 23. f4 Rdc8 24. Qxe5 Qxe5 25. fxe5 Nc6 26. f4 1/2-1/2

[Event "First Saturday FM-A May 2014"]
[Site "Budapest"]
[Date "2014.05.07"]
[Round "5.5"]
[White "Furedi, Erik"]
[Black "Green, Per"]
[Result "1/2-1/2"]
[WhiteElo "2020"]
[BlackElo "1995"]
[PlyCount "64"]
[EventDate "2014.05.03"]

1. e4 e6 2. d4 d5 3. Nc3 Bb4 4. a3 Bf8 5. Nf3 Nf6 6. Bg5 Be7 7. Bxf6 Bxf6 8.
Bd3 Nc6 9. Ne2 e5 10. dxe5 Nxe5 11. Nxe5 Bxe5 12. c3 c6 13. Qc2 dxe4 14. Bxe4
Be6 15. f4 Bc7 16. O-O Qh4 17. Rad1 O-O 18. c4 Rad8 19. g3 Qh5 20. f5 Rxd1 21.
Rxd1 Bc8 22. c5 Qh6 23. Qc3 Re8 24. Qf3 Qf6 25. Nc3 Be5 26. Qd3 h6 27. Rd2 Bxc3
28. Qxc3 Qxc3 29. bxc3 Kf8 30. Rd4 Ke7 31. g4 Kf6 32. Kf2 h5 1/2-1/2

[Event "First Saturday FM-A May 2014"]
[Site "Budapest"]
[Date "2014.05.07"]
[Round "5.6"]
[White "Amangeldiyev, Gurbangeldi"]
[Black "Bartha, Sandor"]
[Result "1-0"]
[WhiteElo "2090"]
[BlackElo "2067"]
[PlyCount "61"]
[EventDate "2014.05.03"]

1. b3 d5 2. Bb2 Bf5 3. e3 e6 4. Nf3 Nf6 5. Be2 Be7 6. O-O h6 7. c4 c6 8. Nc3
O-O 9. d4 Nbd7 10. Bd3 Bxd3 11. Qxd3 Re8 12. e4 Bb4 13. Nd2 Bxc3 14. Bxc3 dxe4
15. Nxe4 Nxe4 16. Qxe4 Nf6 17. Qh4 Nh7 18. Qe4 Nf6 19. Qh4 Nh7 20. Qe4 Nf6 21.
Qf3 Qe7 22. Rfe1 Nh7 23. Re3 f6 24. Rae1 Nf8 25. Qh5 Qf7 26. Qh3 Kh7 27. f4 f5
28. Qf3 Nd7 29. Qh3 g6 30. d5 exd5 31. Qxh6+ 1-0

[Event "First Saturday FM-A May 2014"]
[Site "Budapest"]
[Date "2014.05.08"]
[Round "6.1"]
[White "Darazs, Zoltan"]
[Black "Bartha, Sandor"]
[Result "1-0"]
[WhiteElo "2122"]
[BlackElo "2067"]
[PlyCount "55"]
[EventDate "2014.05.03"]

1. e4 c5 2. Nf3 d6 3. d4 cxd4 4. Nxd4 Nf6 5. Nc3 g6 6. Be3 Bg7 7. f3 O-O 8. Qd2
Nc6 9. Bc4 Nxd4 10. Bxd4 Be6 11. Bb3 a6 12. g4 Bxb3 13. axb3 Nd7 14. h4 Bxd4
15. Qxd4 Ne5 16. Qe3 e6 17. O-O-O f6 18. Ne2 Qe7 19. Nd4 Rac8 20. Rdg1 Nc6 21.
g5 f5 22. h5 e5 23. Nxc6 bxc6 24. hxg6 hxg6 25. Rh6 f4 26. Qe2 Kg7 27. Qh2 Rh8
28. Rh1 1-0